| 000 | 00620nam a2200121Ia 4500 | ||
|---|---|---|---|
| 008 | 220615s9999||||xx |||||||||||||| ||und|| | ||
| 100 | _aBurch, Thomas K. | ||
| 245 | 0 | _aModel-Based Demography: Essays on Integrating Data, Technique and Theory | |
| 546 | _aEnglish[eng] | ||
| 650 | _aDemography||Computer Modeling||Methodology||Theory||Quantitative analysis||Model-based view of science | ||
| 856 | _uhttps://library.oapen.org/bitstream/20.500.12657/27765/1/1002240.pdf||https://library.oapen.org/bitstream/20.500.12657/27765/1/1002240.pdf||https://library.oapen.org/bitstream/20.500.12657/27765/1/1002240.pdf | ||
| 942 | _cEB | ||
| 999 |
_c9207 _d9207 |
||